000 00694nam a2200229 a 4500
005 20210219153118.0
008 991125n 000 0 u
035 _aUPN01000078823
100 _aGambrell, Linda B.
222 _aREADING RESEARCH AND INSTRUCTION
245 _aExplicit story structure instruction and the narrative writing of fourth-and fifth-grade below-average readers
300 _a54-62
362 _a31, No. 1, 1991
505 _aMarzo 1992
653 0 _aCUENTO
653 0 _aEFICACIA DE LA ENSE\197ANZA
653 0 _aLECTURA TERAPEUTICA
653 0 _aMEJORAMIENTO DE LA ESCRITURA
700 _aChasen, Steven P.
904 _aAC
_b016634
905 _aArticulo
999 _c68774
_d68774